|
|
|
|
| LEADER |
01586nam a2200421 i 4500 |
| 001 |
EBC3045437 |
| 003 |
MiAaPQ |
| 005 |
20200520144314.0 |
| 006 |
m o d | |
| 007 |
cr cnu|||||||| |
| 008 |
140207t19991999enka ob 001 0 eng|d |
| 020 |
|
|
|z 1857392817
|
| 020 |
|
|
|z 9783598243608
|
| 020 |
|
|
|a 9783110968361
|q (electronic bk.)
|
| 035 |
|
|
|a (MiAaPQ)EBC3045437
|
| 035 |
|
|
|a (Au-PeEL)EBL3045437
|
| 035 |
|
|
|a (CaPaEBR)ebr10831514
|
| 035 |
|
|
|a (OCoLC)922948763
|
| 040 |
|
|
|a MiAaPQ
|b eng
|e rda
|e pn
|c MiAaPQ
|d MiAaPQ
|
| 050 |
|
4 |
|a HD58.8
|b .P46 1999
|
| 082 |
0 |
|
|a 221
|2 23
|
| 100 |
1 |
|
|a Penfold, Sharon.
|
| 245 |
1 |
0 |
|a Change management for information services /
|c Sharon Penfold.
|
| 264 |
|
1 |
|a London :
|b Bowker-Sauer,
|c [1999]
|
| 264 |
|
4 |
|c 1999
|
| 300 |
|
|
|a 1 online resource (221 pages) :
|b illustrations.
|
| 336 |
|
|
|a text
|2 rdacontent
|
| 337 |
|
|
|a computer
|2 rdamedia
|
| 338 |
|
|
|a online resource
|2 rdacarrier
|
| 490 |
1 |
|
|a Information services management series
|
| 504 |
|
|
|a Includes bibliographical references and index.
|
| 588 |
|
|
|a Description based on online resource; title from PDF title page (ebrary, viewed February 7, 2014).
|
| 590 |
|
|
|a Electronic reproduction. Ann Arbor, MI : ProQuest, 2015. Available via World Wide Web. Access may be limited to ProQuest affiliated libraries.
|
| 650 |
|
0 |
|a Organizational change
|x Management.
|
| 655 |
|
4 |
|a Electronic books.
|
| 797 |
2 |
|
|a ProQuest (Firm)
|
| 830 |
|
0 |
|a Information services management.
|
| 856 |
4 |
0 |
|u https://ebookcentral.proquest.com/lib/matrademy/detail.action?docID=3045437
|z Click to View
|